| 000 | 00733cam a2200217 a 4500 | ||
|---|---|---|---|
| 001 | 000007144 | ||
| 005 | 20200929154059.0 | ||
| 008 | 931230s1993 pr a 000 0 spa d | ||
| 040 |
_aDO-SdBNP _cDLC _dBNPHU |
||
| 082 |
_a792.8028092 _bM722q |
||
| 100 | 1 |
_aMolina, Antonio J. _d1928- _93072 |
|
| 245 | 1 | 0 |
_aQué pas de trois : _bAlicia Alonso, la revolución cubana y Jorge Esquivel / _cAntonio J. Molina. |
| 260 |
_aPuerto Rico : _bs.n., _c1993. |
||
| 300 |
_a159 p. : _bil. ; _c22 cm. |
||
| 650 | 4 |
_aBallet _zCuba _xHistoria _919822 |
|
| 650 | 4 |
_aBailarines de ballet _zCuba _xBiografía _919823 |
|
| 600 | 1 | 4 |
_aALONSO, ALICIA, _d1921- _919824 |
| 600 | 1 | 4 |
_aESQUIVEL, JORGE _919825 |
| 910 | _aCatalogación por copia / LC | ||
| 049 | _aBNGR | ||
| 999 |
_c6925 _d6925 |
||